|
|
|
|
| LEADER |
00576cam a2200193 a 4500 |
| 001 |
0000093105 |
| 005 |
20120524090000.0 |
| 040 |
|
|
|a mod
|
| 041 |
|
|
|a eng
|
| 090 |
0 |
0 |
|a 915.98
|b HAR
|e 1970
|
| 100 |
0 |
0 |
|a Hardjono, J.
|
| 245 |
1 |
0 |
|a Indonesia, land and people
|c J. Hardjono
|
| 260 |
0 |
0 |
|a Djakarta
|b P.T. Gunung Agung
|c 1971
|
| 300 |
0 |
0 |
|a viii, 272 p.
|b ill us.
|c 22 cm
|
| 500 |
0 |
0 |
|a Includes index
|
| 650 |
0 |
0 |
|a Geological evolution of the archipelago
|
| 650 |
0 |
0 |
|a The people of Indonesia
|
| 852 |
0 |
0 |
|a 01
|
| 999 |
|
|
|a 1000004865
|b Maktab Pertahanan Angkatan Tentera
|d BOOKS
|e Umum
|f MPAT
|j AVAILABLE
|q OLD
|